Statistics for Worst Anime Dubs

Click here to take the quiz!

General Stats

  • This quiz has been taken 14 times
  • The average score is 4 of 9

Answer Stats

HintAnswer% Correct
4kids attempted a dub at this long running anime that is still going todayOne Piece
89%
A very very bad dub but its funny to laugh atGhost Stories
78%
This dub managed to misinterpreted this anime based on a video/card gamePokemon
78%
Nicknamed "Big Green Dub" for this long running animeDragon Ball Z
56%
Talks so fast you'd have to rewind it a few times to understand on this racing animeSpeed Racer
44%
This dub replaces all the mystery with ridiculous vulgar dialogueAngel Cop
22%
A three episode anime from the 90sGarzey’s Wing
22%
The sync is so bad a little girl’s voice plays while the main characters mouth is movingCaptain Harlock
11%
This anime dub turned a serious card game into a parody of the series filled with goofy and unintentional gags insteadYu-Gi-Oh! GX
11%

Score Distribution

Percentile by Number Answered

Percent of People with Each Score

Your Score History

You have not taken this quiz